Historia y geografía de América / (Registro nro. 10076)

Detalles MARC
000 -LIDER
fixed length control field 01521nam a2200349 a 4500
001 - NÚMERO DE CONTROL
Identificador de número de control 0000380
003 - IDENTIFICACDOR DE NÚMERO DE CONTROL
control field DO-SdBNP
005 - DATE AND TIME OF LATEST TRANSACTION
control field 20180306120855.0
007 - CAMPOS FIJOS DE DESCRIPCIÓN FÍSICA
fixed length control field 0000380
008 - ELEMENTOS DE LONGITUD FIJA
fixed length control field 150817s201u abc spa d
020 ## - ISBN
International Standard Book Number 9945400363
040 ## - FUENTE DE CATALOGACIÓN
Agencia que crea de manera original el registro BPMSU
Idioma de catalogación spa
Agencia que realiza la transcripción BPMSU
092 ## - LOCALLY ASSIGNED DEWEY DECIMAL CALL NUMBER
Número de clasificación 373.83
Número de ítem (Cutter) H557h, 2do. [20--]
100 1# - ASIENTO PRINCIPAL -- NOMBRE PERSONAL
Nombre personal Hernández, Ricardo
245 10 - MENCIÓN DE TITULO
Título Historia y geografía de América /
Subtítulo [segundo grado del nível medio]
Mención de responsabilidad Ricardo Hernández, Alejandro Hernández Grullón ; ilustración Ramón Sandoval
260 ## - PUBLICACIÓN, DISTRIBUCIÓN, ETC. (PIE DE IMPRENTA)
Lugar de publicación, distribución, etc Santo Domingo :
Nombre del editor, distribuidor, etc. Actualidad escolar 2000,
Fecha de publicación, distribución, etc [20--].
300 ## - DESCRIPCIÓN FÍSICA
Extensión 207 p :
Otros detalles físicos il. mapa, retrs.;
Dimensiones 28 cm.
500 ## - NOTA GENERAL
Nota general Incluye guía metodológica.
504 ## - NOTA DE BIBLIOGRAFÍA, ETC.
Bibliography, etc Bibliografía p: 207
505 1# - NOTA DE CONTENIDO
Título Culturas clásicas, americanas y caribeñas --
-- Llegada de los europeos al continente americano --
-- América lucha por su independencia --
-- Situación económica, política y social en América Latina durante el siglo XX --
-- Características geofísicas y espaciales de América --
650 #4 - ENCABEZAMIENTO DE MATERIA--TEMÁTICO
Término temático o nombre geográfico como elemento de entrada CIENCIAS SOCIALES
Subdivisión temática general ENSEÑANZA SECUNDARIA
650 #4 - ENCABEZAMIENTO DE MATERIA--TEMÁTICO
Término temático o nombre geográfico como elemento de entrada EDUCACIÓN SECUNDARIA
Subdivisión geográfica REPÚBLICA DOMINICANA
650 ## - ENCABEZAMIENTO DE MATERIA--TEMÁTICO
Término temático o nombre geográfico como elemento de entrada CIENCIAS SOCIALES
Subdivisión temática general LIBROS DE TEXTOS
650 #4 - ENCABEZAMIENTO DE MATERIA--TEMÁTICO
Término temático o nombre geográfico como elemento de entrada CIENCIAS SOCIALES
Subdivisión temática general ESTUDIOS Y EJERCICIOS
650 #4 - ENCABEZAMIENTO DE MATERIA--TEMÁTICO
Término temático o nombre geográfico como elemento de entrada CIENCIAS SOCIALES
Subdivisión temática general EDUCACIÓN SECUNDARIA
700 1# - ASIENTO SECUNDARIO -- NOMBRE PERSONAL
Nombre personal Hernández Grullón, Alejandro
700 1# - ASIENTO SECUNDARIO -- NOMBRE PERSONAL
Nombre personal Sandoval, Ramón
Mención de responsabilidad il.
910 ## - VALIDACIÓN
Validación Validado. Control de calidad MFF
942 ## - ADDED ENTRY ELEMENTS (KOHA)
Source of classification or shelving scheme Dewey Decimal Classification
Koha item type Libros
945 ## - INFORMACIÓN DE PROCESAMIENTO LOCAL
Información de procesamiento local Inventariado / 2018 VM
956 ## - LOCAL ELECTRONIC LOCATION AND ACCESS (OCLC)
Nombre de host Yngrid Lockward
Número de acceso 10
Existencias
Withdrawn status Lost status Source of classification or shelving scheme Damaged status Not for loan Collection code Home library Current library Date acquired Source of acquisition Total Checkouts Full call number Barcode Date last seen Price effective from Koha item type Copy number
    Dewey Decimal Classification     Colección Escolar Biblioteca Pública Metropolitana Salomé Ureña Biblioteca Pública Metropolitana Salomé Ureña 05/11/2016 Donación   373.83 H557h 2do. [20--] v.1 BPMSU16050225 05/11/2016 05/11/2016 Libros  
    Dewey Decimal Classification     Colección Escolar Biblioteca Pública Metropolitana Salomé Ureña Biblioteca Pública Metropolitana Salomé Ureña 05/11/2016 Donación   373.83 H557h 2do. [20--] v.1 BPMSU16050226 05/11/2016 05/11/2016 Libros e. 2
    Dewey Decimal Classification     Colección Escolar Biblioteca Pública Metropolitana Salomé Ureña Biblioteca Pública Metropolitana Salomé Ureña 05/11/2016 Donación   373.83 H557h 2do. [20--] v.2 Guía BPMSU16050227 05/11/2016 05/11/2016 Libros